LEADER 01221nam0 22003011i 450 001 UBO1035632 005 20231121125854.0 010 $a9027727147 100 $a20141209d1988 ||||0itac50 ba 101 | $aeng 102 $anl 181 1$6z01$ai $bxxxe 182 1$6z01$an 200 1 $aBioastronomy$ethe next step$eProceedings of the 99. Colloquium of the International Astronomical Union held in Balatou, Hungary, june 22-27 1987$fed. by George Marx 210 $aDordrecht$aKluwer$d1988 215 $aXX; 434 p.$d24 cm. 225 | $aAstrophysics and space science library$v144 410 0$1001MIL0022669$12001 $aAstrophysics and space science library$v144 702 1$aMarx$b, G.$3PUVV233802 712 12$aColloquium of the International Astronomical Union$d <99.$f ; 1987$e ; Balaton>$3UBOV390836 801 3$aIT$bIT-01$c20141209 850 $aIT-FR0099 899 $aBiblioteca Area Ingegneristica$bFR0099 912 $aUBO1035632 950 0$aBiblioteca Area Ingegneristica$d 54INGFA 574.9 BIO$e 54VM 0000482235 VM barcode:BAIN002255. - Inventario:693VM$fA $h20041004$i20121204 977 $a 54 996 $aBioastronomy$92522587 997 $aUNICAS